[Event "KAZ-ch 2018"]
[Site "Almaty"]
[Date "2018.04.20"]
[Round "1"]
[White "Kostenko, Petr"]
[Black "Makhnev, Denis"]
[Result "1/2-1/2"]
[WhiteElo "2435"]
[BlackElo "2409"]
[Annotator "TA"]
[PlyCount "103"]
[EventDate "2018.??.??"]
[EventType "tourn"]
[EventCountry "KAZ"]
[SourceTitle "playchess.com"]
[Source "ChessBase"]
[SourceQuality "1"]

{[%evp 18,103,34,14,14,14,17,18,28,26,59,76,59,72,60,73,68,58,58,58,58,58,58,47,58,55,150,136,136,130,128,47,54,52,47,46,64,54,74,58,110,95,101,96,110,115,103,98,90,94,83,84,83,89,90,112,86,84,65,64,71,64,115,0,29,29,122,0,0,0,0,0,85,0,0,0,0,0,0,0,0,0,0,0,0,0,0,0]} 1. c4 Nf6 2. Nc3 e5 3. Nf3 Nc6 4. e3 g6 5. d4 d6 6. Be2 Bg7 7. dxe5 Nxe5 8. Nxe5 dxe5 9. Qxd8+ Kxd8 10. b3 {LiveBook: 17 Games. A25: English Opening vs King's Indian with ...Nc6 but without early d3} Be6 (10... Re8 11. Ba3 Bf8 12. O-O-O+ Nd7 13. Bb2 c6 14. Ne4 Kc7 15. g4 h6 16. h4 f5 17. gxf5 gxf5 {1-0 (31) Harsha,B (2394)-Bogner,S (2599) Douglas 2017}) 11. Ba3 $146 ({Find the theoretical novelty and annotate with similar games:} 11. Bb2 c6 12. O-O-O+ Kc7 13. h3 Rad8 14. g4 h6 15. Bd3 Rhe8 16. Ne2 Bc8 17. Ng3 Bh8 {½-½ (56) Suba,M (2418)-Balashov,Y (2475) Kamena Vourla 2012}) 11... Kc8 12. h3 Rd8 13. g4 {[%cal Bg2g4,Bg4g5][%mdl 32]} Bf8 14. Bxf8 Rxf8 15. g5 Nd7 16. Bg4 $36 {[%mdl 2048] White is really pushing.} Nc5 17. Ke2 a5 18. Rad1 c6 19. Bxe6+ fxe6 20. h4 Kc7 21. h5 Rf5 ({Black should try} 21... Rf7 $1 $14) 22. hxg6 $16 hxg6 23. Rh7+ Kb6 24. Rg1 (24. a3 $1 $16) 24... Raf8 $14 25. Rg2 {aiming for Rg7.} R5f7 26. Rh6 Rg7 27. Nb1 Rd8 28. Rg1 Ka7 (28... Ne4 $14) 29. Rgh1 $16 Ne4 30. R1h4 Nc5 31. Nc3 Rf8 32. Rh8 Rf5 33. Rg4 Rgf7 34. Rg2 Rf8 35. Rh6 Rg8 36. Rh7 Ka6 37. Rc7 Rff8 38. f3 Rh8 39. Rg7 Rh3 {[#]} (39... Rfg8 $14 40. Rxg8 Rxg8) 40. Rf2 ({White should play} 40. Ne4 $1 $16 {[%cal Re4c5]} Nxe4 41. fxe4) 40... Rg3 41. Rxg6 Rf5 {[#]} (41... Rd8 $11 {keeps the balance.}) 42. Ne4 (42. a3 $1 $16) 42... Nxe4 $11 43. fxe4 Rfxg5 44. Rxe6 {[%mdl 4096] Endgame KRR-KRR} Rg2 (44... Rg1 $11) 45. a3 (45. Rxg2 $16 Rxg2+ 46. Kf3 Rxa2 47. Rxe5) 45... Rg1 {The position is equal.} 46. b4 Ra1 47. b5+ Kb6 48. bxc6 bxc6 49. Rff6 Ra2+ 50. Kf3 Rgg2 {[%csl Gg2][%cal Ra2f2]} 51. Rxc6+ Kb7 {[%csl Gg2][%cal Ra2f2]} (51... Ka7 $5 52. Ra6+ $8 Kb7 53. Rab6+ Ka7 54. Ra6+ Kb7 55. Rab6+ Kc7 56. Rbc6+ Kb7 57. Rb6+ $11) 52. Rb6+ {Precision: White = 72%, Black = 57%.} 1/2-1/2

[Event "KAZ-ch 2018"]
[Site "Almaty"]
[Date "2018.04.20"]
[Round "1"]
[White "Kazakov, Konstantin"]
[Black "Suleymenov, Alisher"]
[Result "1-0"]
[WhiteElo "2410"]
[BlackElo "2351"]
[Annotator "TA"]
[PlyCount "67"]
[EventDate "2018.??.??"]
[EventType "tourn"]
[EventCountry "KAZ"]
[SourceTitle "playchess.com"]
[Source "ChessBase"]
[SourceQuality "1"]

{[%evp 22,67,18,0,0,0,0,0,0,0,10,0,0,0,0,0,0,0,0,0,0,0,0,0,0,0,0,-21,-21,-20,-21,-30,39,35,37,34,34,15,33,24,13,19,753,720,714,648,29987,29988]} 1. e4 c5 2. Nf3 d6 3. d4 cxd4 4. Nxd4 Nf6 5. Nc3 Nc6 6. Bg5 Bd7 7. Qd2 Rc8 8. O-O-O Nxd4 9. Qxd4 Qa5 10. Bxf6 gxf6 11. Kb1 Qc5 12. f4 {LiveBook: 3 Games. B61: Sicilian: Richter-Rauzer: 6...Bd7 7 Qd2} Qxd4 13. Rxd4 f5 14. exf5 $146 {The position is equal.} ({Predecessor:} 14. e5 dxe5 15. fxe5 Bg7 16. Rd5 e6 17. Ra5 a6 18. Be2 Bc6 19. Bf3 Ke7 {0-1 (31) Schmidek,E (2414)-Kraus,T (2432) Balatonszarszo 2017}) 14... Bg7 15. Rb4 b6 16. Bd3 Bxc3 17. bxc3 Rxc3 18. Re1 Kd8 19. Rd4 f6 20. Rde4 Re8 $1 21. R4e3 Rc5 22. g4 h5 23. h3 ({Don't play} 23. gxh5 Bxf5 24. Bxf5 Rxf5 $17) 23... Bb5 24. Be4 Rg8 25. Bf3 Rg7 26. gxh5 {[%cal Bg4h5,Bh5h6][%mdl 32]} Bd7 ({Black should try} 26... Bc4 $11) 27. h6 $1 $36 {[%cal Rh6g7][%mdl 2048] White has some pressure.} Rh7 28. Rg1 $1 {[%cal Rg1g8] [#] And now Rg8+ would win.} Bxf5 {Threatens to win with ...e5.} 29. Rg8+ Kd7 30. Rg7 Rxg7 31. hxg7 Rc8 $2 {[%mdl 8192] [#]} (31... Bxc2+ $11 32. Kb2 Bh7) 32. Bc6+ $1 $18 {[%mdl 512]} Kc7 (32... Rxc6 33. g8=Q) 33. Bd5 e6 34. Rc3+ {Precision: White = 65%, Black = 64%.} 1-0

[Event "KAZ-ch 2018"]
[Site "Almaty"]
[Date "2018.04.20"]
[Round "1"]
[White "Ibrayev, Nurlan"]
[Black "Nogerbek, Kazybek"]
[Result "1/2-1/2"]
[WhiteElo "2394"]
[BlackElo "2323"]
[Annotator "TA"]
[PlyCount "99"]
[EventDate "2018.??.??"]
[EventType "tourn"]
[EventCountry "KAZ"]
[SourceTitle "playchess.com"]
[Source "ChessBase"]
[SourceQuality "1"]

{[%evp 18,99,-11,-33,16,-60,-12,-52,-56,-91,-92,-136,-86,-45,-41,-37,-32,-43,-39,-127,-117,-131,-133,-99,-3,-40,201,77,53,69,109,100,106,106,100,100,98,88,108,98,114,72,145,150,219,219,209,205,205,205,190,174,192,185,216,210,234,233,281,280,294,276,268,268,318,318,311,311,292,291,311,311,299,291,476,476,476,340,476,0,0,0,0,0]} 1. e4 c5 2. Nc3 Nc6 3. Bb5 Nd4 4. Nf3 g6 5. Bc4 Bg7 6. Nxd4 cxd4 7. Qf3 Nh6 8. Ne2 O-O 9. h3 {B23: Closed Sicilian: Lines without g3} e6 10. g4 {LiveBook: 4 Games} (10. d3 f5 11. Qg3 fxe4 12. dxe4 d5 13. exd5 exd5 14. Bd3 Nf5 15. Qh2 Qe7 16. Bd2 Nd6 {0-1 (36) Hou,Y (2609)-Shirov,A (2696) Tromsoe 2013}) 10... f5 11. gxf5 (11. exf5 $1 $11 gxf5 12. d3) 11... gxf5 12. Rg1 fxe4 13. Qxe4 $146 ({Predecessor:} 13. Qg2 Qe7 14. Nxd4 d5 15. Bb3 Kh8 16. c3 Bd7 {0-1 (67) Nikolaidi,E (2011)-Stiri,A (2145) Greece 2002}) 13... d5 $1 {[%cal Rd5e4]} 14. Qg2 {[%csl Gg1][%cal Rg2g7]} Qf6 15. Bd3 Kh8 16. b3 e5 {And now ...e4 would win.} 17. Bb2 $1 Bxh3 18. Qxh3 ({White should try} 18. Qh2 $1 $15) 18... Qxf2+ $17 19. Kd1 Rf3 {[%mdl 1024] Black has strong compensation.} 20. Qh1 {Hoping for Nxd4.} (20. Qd7 $2 {leads to mate.} Qf1+ $1 {[%mdl 512]} 21. Rxf1 Rxf1#) 20... Raf8 (20... e4 $17 21. Bb5 a6) 21. Re1 a6 $2 {[#]} (21... e4 $15 22. Bb5 R3f7) 22. Ng1 (22. Nxd4 $1 $18 {[%mdl 512] is the precise move to win.} exd4 23. Ba3) 22... Rg3 $16 {Strongly threatening ...Rg2.} 23. Rf1 Qxf1+ 24. Bxf1 Rxf1+ 25. Ke2 Rgxg1 26. Qxg1 Rxg1 27. Rxg1 {[%mdl 4096] Endgame KRB-KBN} Kg8 28. c4 dxc3 29. dxc3 {Threatens to win with Rd1.} Nf5 {[#]} (29... Kf7 $142) 30. Rd1 $1 Ne7 (30... d4 $16) 31. Ba3 $18 Ng6 32. Bc1 d4 33. cxd4 exd4 34. Kf3 Ne5+ 35. Ke4 Nc6 36. Rf1 Bf8 37. Bd2 h5 38. Rh1 Kf7 39. Rxh5 Ke6 40. a4 Kd6 41. Bf4+ Ke6 42. Rh8 Be7 43. Rh6+ Kd7 44. Kd5 d3 45. Bd2 Bb4 $2 (45... Bd8 46. Rd6+ Kc8) 46. Bxb4 Nxb4+ 47. Kc4 a5 48. Kb5 $2 (48. Kc3 $18 {Kd2 is the strong threat.} Kc7 49. Rh7+ Kc6 50. Rf7) 48... d2 $11 49. Rh1 Nd5 $1 50. Kxa5 {Precision: White = 55%, Black = 50%.} 1/2-1/2

[Event "KAZ-ch 2018"]
[Site "Almaty"]
[Date "2018.04.20"]
[Round "1"]
[White "Agmanov, Zhandos"]
[Black "Kazhgaleyev, Murtas"]
[Result "1/2-1/2"]
[WhiteElo "2360"]
[BlackElo "2577"]
[Annotator "TA"]
[PlyCount "83"]
[EventDate "2018.??.??"]
[EventType "tourn"]
[EventCountry "KAZ"]
[SourceTitle "playchess.com"]
[Source "ChessBase"]
[SourceQuality "1"]

{[%evp 24,83,75,38,117,5,0,0,0,7,12,0,0,-8,-16,-40,-39,-48,-43,-52,-32,-39,0,-12,0,0,0,0,11,0,0,0,0,0,0,0,2,8,10,15,70,70,71,70,83,81,65,46,75,59,31,0,0,0,0,0,0,0,0,0,0,0]} 1. e4 e5 2. Nf3 Nc6 3. d4 exd4 4. Nxd4 Nf6 5. Nxc6 bxc6 6. e5 Qe7 7. Qe2 Nd5 8. c4 Nb6 9. Nc3 Ba6 {C45: Scotch Game} 10. Qe4 (10. b3 O-O-O 11. Bb2 Re8 12. f4 f6 13. O-O-O fxe5 14. Qxe5 Qxe5 15. fxe5 Rxe5 16. Bd3 Re3 17. Rhf1 {0-1 (24) Nepomniachtchi,I (2751)-Karjakin,S (2783) chess.com INT 2017}) 10... O-O-O 11. c5 Bxf1 12. cxb6 Ba6 13. bxc7 {LiveBook: 3 Games} Re8 {[#]} ({Better is} 13... Kxc7 $14 14. Bf4 Qe6) 14. Bf4 (14. Qa4 $1 $16 {[%cal Ra4a6]} Qxe5+ 15. Be3) 14... d5 $1 $11 {[%cal Rd5e4]} 15. Qa4 Kb7 16. O-O-O Qb4 17. Qxb4+ $146 ({Predecessor:} 17. a3 Qxa4 18. Nxa4 {0-1 (42) Neron de Surgy,G (2210)-Anic,D (2470) France 1997}) 17... Bxb4 18. Rhe1 $132 {[%mdl 2048] White puts up resistance} Ba5 19. Be3 Rxe5 20. Bd4 Rxe1 21. Rxe1 Rc8 22. Bxg7 Rxc7 23. Re8 Bb4 24. Bf6 Bd6 25. g3 Rc8 26. Re1 Kc7 27. Be5 (27. Re3 {keeps more tension.} Kd7 28. Rf3 Bf1 29. Bg7 Ke8 30. Bd4) 27... Kd7 {[#] Threatens to win with ...Re8.} 28. Bxd6 Kxd6 {[%mdl 4096] Endgame KRB-KRN} 29. Kd2 c5 30. f4 Rb8 31. b3 c4 (31... f5 $11) 32. Re5 $14 cxb3 33. Rxd5+ Kc6 34. axb3 Rxb3 35. Ra5 Kb6 36. Rf5 {Hoping for Na4+.} Rb2+ 37. Kc1 Rxh2 {The position is equal.} 38. Nd5+ Kc5 39. Nc7+ Kb6 40. Nd5+ Kc5 41. Nc7+ Kb6 42. Nd5+ {Precision: White = 56%, Black = 60%.} 1/2-1/2

[Event "KAZ-ch 2018"]
[Site "Almaty"]
[Date "2018.04.20"]
[Round "1"]
[White "Igambergenov, Alibek"]
[Black "Ismagambetov, Anuar"]
[Result "1/2-1/2"]
[WhiteElo "2296"]
[BlackElo "2547"]
[Annotator "TA"]
[PlyCount "113"]
[EventDate "2018.??.??"]
[EventType "tourn"]
[EventCountry "KAZ"]
[SourceTitle "playchess.com"]
[Source "ChessBase"]
[SourceQuality "1"]

{[%evp 23,113,27,26,18,25,0,10,0,-23,-78,-92,-109,-105,-97,-97,-91,-87,-95,0,0,0,0,0,0,0,0,0,0,0,0,0,0,0,0,0,0,148,116,124,114,120,114,126,42,58,0,8,11,0,0,0,12,23,0,0,0,0,0,250,18,18,18,28,8,8,8,8,8,21,21,21,22,22,22,36,35,33,31,58,0,0,0,57,56,81,73,1593,2050,2337,28,29995,29996]} 1. d4 Nf6 2. c4 e6 3. Nf3 c5 4. d5 d6 5. Nc3 exd5 6. cxd5 g6 7. h3 Bg7 8. e4 {A61: Modern Benoni: Nf3 without early e4} a6 (8... O-O 9. Bd3 b5 10. Nxb5 Re8 11. Nc3 Nxe4 12. Bxe4 f5 13. O-O fxe4 14. Ng5 e3 15. Nce4 exf2+ 16. Nxf2 h6 17. Ne6 Bxe6 18. dxe6 Nc6 {½-½ (35) Mamedyarov,S (2768)-Matlakov,M (2694) Doha 2016}) 9. a4 Nbd7 10. Bd3 Nh5 11. O-O Ne5 12. Be2 Nxf3+ {LiveBook: 28 Games} 13. Bxf3 Qh4 14. Be3 Be5 15. Qd2 Nf4 $1 {[%cal Rf4h3] Threatening ...Nxh3+!} 16. g3 (16. Ne2 $11 Nxe2+ 17. Qxe2) 16... Nxh3+ $17 17. Kg2 Qf6 18. Rh1 $146 ({Predecessor:} 18. Be2 g5 19. Rh1 Nf4+ {0-1 (19) Rawicz,K (2216)-Watorek,M (2111) Jastrzebia Gora 2016}) 18... g5 {[%cal Bg6g5,Bg5f4][%mdl 32]} 19. Qd1 h5 $1 20. Bxh5 {[#]} Nf4+ (20... Ke7 $1 $17 21. Qf3 (21. Rxh3 $2 Bxh3+ 22. Kxh3 Rxh5+ 23. Qxh5 Rh8 $19) 21... Qxf3+ 22. Bxf3 g4) 21. gxf4 $11 gxf4 22. Bc1 $1 {Hoping for Qf3.} Ke7 23. Qf3 Bd7 24. Ne2 {[%cal Rc1f4]} Rag8+ 25. Kf1 Rg5 26. Nxf4 Bxb2 27. Bxb2 Qxb2 28. Re1 Bxa4 29. Ne2 $1 {And now e5 would win.} Qf6 (29... Bb5 $11 30. Qxf7+ Kd8) 30. Ng3 Qxf3 31. Bxf3 Rxh1+ 32. Bxh1 Bd7 33. Re3 (33. Rb1 $16) 33... b5 34. Bf3 ({White should play} 34. Ra3 $14) 34... a5 35. Be2 {next Nf5+ is good for White.} b4 36. f4 Rg8 37. e5 a4 38. Ne4 a3 {...a2 is the strong threat.} 39. Bc4 Rg4 $1 {[%cal Rg4f4]} 40. exd6+ ({But not} 40. Nxd6 Rxf4+ 41. Kg2 f6 $17) 40... Kf8 $2 (40... Kd8 $11 {and Black stays safe.}) 41. Ke1 $2 ({Not} 41. Nxc5 Rxf4+ 42. Kg2 Rxc4 $16) (41. Ba2 $18) 41... Rxf4 42. Ba2 Bb5 43. Nxc5 {Black must now prevent d7.} Rf1+ 44. Kd2 {aiming for Nd3.} Rf2+ 45. Kc1 {Strongly threatening d7.} Rxa2 46. d7 Bxd7 47. Nxd7+ {[%mdl 4096] Endgame KRN-KR} Kg7 48. Rg3+ Kh6 49. Nc5 Ra1+ 50. Kc2 Ra2+ 51. Kc1 Ra1+ 52. Kc2 Ra2+ 53. Kb1 $1 {[%cal Rb1a2]} Rb2+ 54. Ka1 Rc2 $2 {[%mdl 8192] [#]} (54... Re2 $16) 55. Nb3 $1 $18 Rf2 56. d6 $2 ({White must play} 56. Rd3 $18 {Threatens to win with d6.} Rf1+ 57. Ka2 Rf2+ 58. Nd2) 56... Ra2+ $2 {[%mdl 8192]} (56... Rf1+ $11 57. Ka2 Rd1) 57. Kxa2 {[%mdl 32768] Precision: White = 47%, Black = 58%. . An unexpected result.} 1/2-1/2

[Event "KAZ-ch 2018"]
[Site "Almaty"]
[Date "2018.04.20"]
[Round "1"]
[White "Zhalmakhanov, Ramazan"]
[Black "Saiyn, Zhanat"]
[Result "1/2-1/2"]
[WhiteElo "2271"]
[BlackElo "2377"]
[Annotator "TA"]
[PlyCount "158"]
[EventDate "2018.??.??"]
[EventType "tourn"]
[EventCountry "KAZ"]
[SourceTitle "playchess.com"]
[Source "ChessBase"]
[SourceQuality "1"]

{[%evp 26,158,24,9,22,12,29,18,22,27,25,0,9,0,0,0,6,-43,-49,-35,-43,-43,-26,-41,-49,-29,0,-22,0,0,0,0,26,25,22,0,27,23,31,37,31,1,14,16,16,0,0,0,0,0,0,0,0,0,0,0,0,0,0,0,73,36,637,593,546,521,812,772,735,39,39,39,722,715,701,701,687,678,729,648,528,0,398,39,282,0,0,0,0,0,0,0,0,0,0,0,0,0,0,0,0,0,0,0,0,0,0,0,0,0,0,0,0,0,0,0,0,0,0,0,0,0,0,0,0,0,0,0,0,0,0,0,0,0,0]} 1. e4 c5 2. Nf3 Nc6 3. d4 cxd4 4. Nxd4 g6 5. Nc3 Bg7 6. Be3 Nf6 7. Bc4 O-O 8. Bb3 d6 9. f3 Bd7 10. Qd2 Nxd4 11. Bxd4 b5 12. O-O a5 13. a3 {B77: Sicilian Dragon: Yugoslav Attack, 9 Bc4 sidelines} Bc6 14. Kh1 {[#] LiveBook: 3 Games} Rc8 $146 ({Predecessor:} 14... Qb8 15. Rfd1 Qb7 16. Ne2 e6 17. Nc3 Rfd8 18. Qg5 h6 19. Qh4 b4 20. axb4 axb4 21. Rxa8 Rxa8 {½-½ (42) Loc,A (2571)-Privara,I (2520) ICCF email 2012}) 15. Rad1 Nd7 16. Bxg7 Kxg7 17. Ne2 Qb6 18. Qg5 f6 19. Qg3 Nc5 20. Bd5 e5 21. Ba2 b4 22. axb4 Qxb4 23. Rb1 Ba4 24. c3 Qb5 25. Qf2 Rfd8 26. Ng3 Bb3 27. Bxb3 Qxb3 28. f4 Nd3 {[#]} 29. Nh5+ $1 {[%mdl 512]} Kh8 (29... gxh5 30. Qg3+) 30. Qg3 Nxf4 (30... Qc2 {seems wilder.} 31. Nxf6 Nxf4 32. Rfc1 Qd2 33. Rd1 Qc2) 31. Nxf4 exf4 32. Qxf4 Qe6 33. Ra1 Rb8 34. Rxa5 {Black should prevent Ra7.} Rxb2 35. Ra7 g5 36. Qf3 Rdb8 37. h4 g4 38. Qf4 $40 {[%mdl 128] White attacks.} Rb1 39. Rxb1 Rxb1+ $11 {[%mdl 4096] Endgame KQR-KQR} 40. Kh2 Qe5 41. Qxe5 fxe5 {KR-KR} 42. h5 Rf1 (42... Re1 $11 {remains equal.}) 43. Kg3 $16 h6 $2 {[%mdl 8192]} (43... Rf4 $14) 44. Rd7 $18 Rf6 45. Kh4 Rf4 46. Rxd6 Kh7 47. Rg6 $2 ({White must play} 47. c4 $18 Rxe4 48. c5) 47... Rxe4 $14 48. Rxg4 Re3 $2 {[%mdl 8192]} (48... Re2 $14) 49. Rc4 $18 Re2 50. g3 Kg7 51. Kg4 Re3 52. Rc7+ Kf6 53. Rc4 $2 (53. Rc6+ $18 Kg7 54. c4) 53... e4 $2 {[%mdl 8192]} (53... Kg7 $1 $11 {and Black is okay.}) 54. Rc7 $2 (54. Rc6+ $18 Ke5 55. c4 (55. Rxh6 Rxc3 56. Rh8 Kf6 $18)) 54... Rd3 $2 (54... Rf3 $1 $14) 55. Rh7 $2 (55. c4 $18) 55... Rxc3 $11 {The position is equal.} 56. Rxh6+ Kf7 57. Ra6 e3 58. Ra2 Kf6 59. Rh2 Rd3 60. h6 Rd2 61. Rh1 e2 62. h7 Rd8 63. Kf3 Re8 64. Kf2 Rh8 65. Kxe2 {[#] Kf3 is the strong threat.} Kg7 66. Kf3 {Threatens to win with Kg4.} Rf8+ 67. Kg4 Kh8 68. Rh6 Ra8 69. Kh4 Ra1 70. Rh5 Ra4+ 71. g4 Rb4 72. Rh6 Rb7 73. Kh5 {Black must now prevent g5.} Rb5+ 74. g5 {aiming for Kg4.} Rb1 75. Ra6 {Hoping for g6.} Kxh7 76. Ra7+ Kg8 77. Kh6 {And now Ra8+ would win.} Rb6+ 78. g6 {White wants to mate with Ra8+.} Rb8 79. Rg7+ $1 Kh8 {Precision: White = 51%, Black = 51%.} 1/2-1/2

[Event "KAZ-ch 2018"]
[Site "Almaty"]
[Date "2018.04.21"]
[Round "2"]
[White "Kazhgaleyev, Murtas"]
[Black "Zhalmakhanov, Ramazan"]
[Result "1-0"]
[WhiteElo "2577"]
[BlackElo "2271"]
[Annotator "TA"]
[PlyCount "75"]
[EventDate "2018.??.??"]
[EventType "tourn"]
[EventCountry "KAZ"]
[SourceTitle "playchess.com"]
[Source "ChessBase"]
[SourceQuality "1"]

{[%evp 18,75,50,-11,24,27,33,-6,0,6,32,6,24,0,0,0,10,-20,0,0,0,-11,0,-50,0,0,3,-13,0,-3,107,100,102,102,108,105,101,91,245,235,270,235,241,254,246,196,327,252,579,589,602,597,594,594,594,594,578,578,533,530]} 1. d4 Nf6 2. c4 e6 3. Nc3 Bb4 4. Nf3 b6 5. Bg5 {[%cal Bc1g5,Bg5h4,Bh4g3][%mdl 32]} h6 6. Bh4 g5 7. Bg3 Ne4 8. Qc2 Bb7 9. Nd2 {E13: Queen's Indian/Nimzo-Indian hybrid: 4 Nc3 Bb7 5 Bg5 h6 6 Bh4 Bb4} (9. e3 Bxc3+ 10. bxc3 d6 11. Bd3 f5 12. d5 Qf6 13. Bxe4 fxe4 14. Qxe4 Qxc3+ 15. Ke2 Qb2+ 16. Nd2 Qf6 17. h4 g4 18. h5 Nd7 19. Bh4 Qf5 20. Qxf5 exf5 {0-1 (34) Tang,A (2513)-Nakamura,H (2781) chess.com INT 2018}) 9... f5 10. e3 {LiveBook: 7 Games} (10. Ndxe4 $14 Bxe4 11. Qb3 Bxc3+ 12. Qxc3) 10... Nxg3 (10... Bxc3 {with more complications.} 11. bxc3 h5 12. f3 Nxd2 13. Qxd2 h4) 11. hxg3 {White has an edge.} Qf6 12. O-O-O $146 (12. Nb5 {is interesting.} Na6 13. a3 Be7 14. O-O-O g4 15. Nb3) ({Predecessor:} 12. a3 Bxc3 13. bxc3 d6 14. a4 Nc6 15. Qb2 Na5 16. Nb3 Nxb3 17. Qxb3 f4 18. gxf4 gxf4 19. exf4 Qxf4 20. Rh3 {½-½ (20) Lindsalu,I (1884)-Rahde,F (1800) IECG email 2003}) 12... Bxc3 13. Qxc3 Nc6 14. Be2 O-O-O 15. Kb1 d6 16. Rh2 Kb8 17. d5 Qxc3 18. bxc3 exd5 19. cxd5 Ne5 20. f4 Ng6 21. c4 Rde8 {White must now prevent ...gxf4.} 22. Bh5 Rhg8 23. e4 Ref8 (23... Bc8 $11 {keeps the balance.}) 24. Bxg6 $16 Rxg6 {[#]} 25. g4 $1 $36 {[%mdl 2560] White is on the roll.} fxg4 26. f5 Rgf6 27. Rdh1 c6 $2 (27... Rh8 $16) 28. Rxh6 $18 b5 29. Rxf6 Rxf6 {[%mdl 4096] Endgame KRB-KRN} 30. Rh8+ Kc7 31. Rh7+ Kb8 (31... Kb6 $142 32. Rg7 Rf8) 32. e5 Rxf5 $2 (32... dxe5 {is tougher.} 33. Ne4 Rxf5) 33. exd6 {Threatening mate with Rh8+.White is clearly winning.} Rf8 34. Nb3 cxd5 35. Na5 Ba8 36. c5 {[%cal Bc4c5,Bc5c6][%mdl 32]} Rc8 37. Re7 Rd8 38. c6 {Precision: White = 61%, Black = 37%.} 1-0

[Event "KAZ-ch 2018"]
[Site "Almaty"]
[Date "2018.04.21"]
[Round "2"]
[White "Ismagambetov, Anuar"]
[Black "Kazakov, Konstantin"]
[Result "1-0"]
[WhiteElo "2547"]
[BlackElo "2410"]
[Annotator "TA"]
[PlyCount "65"]
[EventDate "2018.??.??"]
[EventType "tourn"]
[EventCountry "KAZ"]
[SourceTitle "playchess.com"]
[Source "ChessBase"]
[SourceQuality "1"]

{[%evp 25,65,-39,-36,-36,-42,-45,-45,-53,-50,-59,-75,-65,-11,-22,344,329,329,333,335,322,343,329,496,481,477,461,702,672,676,609,697,668,1209,1473,1439,1379,12835,12835,29974,12839,29994,29995]} 1. e4 e5 2. Nf3 Nc6 3. Bb5 {[%cal Bf1b5,Bb5a4,Ba4b3][%mdl 32]} a6 4. Ba4 Nf6 5. O-O Be7 6. Re1 b5 7. Bb3 O-O 8. h3 Bb7 9. d3 d5 {C88: Closed Ruy Lopez: Anti-Marshall Systems} 10. Nbd2 Qd7 11. exd5 Nxd5 12. Nxe5 (12. a4 Rae8 13. axb5 axb5 14. Nxe5 Nxe5 15. Rxe5 Nf6 16. Nf1 Bd6 17. Rxe8 Rxe8 {½-½ (31) Anand,V (2782)-Aronian,L (2805) London 2017}) 12... Nxe5 13. Rxe5 Nf4 $1 {LiveBook: 4 Games} 14. Nf3 Nxg2 15. Kxg2 a5 $1 {...Bf6 is the strong threat.} 16. c3 {Strongly threatening d4.} Ra6 $1 {[%cal Ra6g6][%mdl 1024] Black has compensation.} 17. d4 {And now Rh5 would win.} Rg6+ 18. Kh2 Bd6 $146 (18... Rf6 $15 19. Ne1 Rxf2+ 20. Kg1 Rf6) ({Predecessor:} 18... Rf6 19. Ne1 Rxf2+ 20. Kg1 Rf6 21. Qh5 Rg6+ 22. Kf2 Bd6 23. Be3 Bxe5 {½-½ (23) Nizky,R (2425)-Kraft,D (2432) ICCF email 2014}) 19. Nh4 $1 $11 {[%cal Rh4g6]} Kh8 $2 {[%mdl 8192]} (19... a4 $11 {and Black stays safe.} 20. Nxg6 hxg6) 20. Nxg6+ $18 fxg6 21. f4 Bxe5 22. dxe5 Qc6 {[%csl Gb7][%cal Rc6g2]} 23. Qg1 g5 (23... a4 {keeps fighting.} 24. Bc2 a3) 24. Be3 a4 25. Bc2 a3 (25... gxf4 $142 26. Bd4 Qe6) 26. Qxg5 {Hoping for Rg1.} Qf3 {Threatens to win with ...Qe2+.} 27. Qg3 axb2 {( -> ...Qe2+)} 28. Re1 Qd5 29. Rg1 {[%csl Gg1][%cal Rg3g7]} g6 {[#]} 30. e6 $1 {[%cal Be5e6,Be6e7][%mdl 32]} c5 (30... Qxe6 31. f5) 31. e7 Re8 {[#]} 32. f5 $1 {[%cal Bf4f5,Bf5g6][%mdl 32]} Qxa2 (32... gxf5 33. Qg7#) 33. fxg6 {Precision: White = 100%, Black = 30%.} 1-0

[Event "KAZ-ch 2018"]
[Site "Almaty"]
[Date "2018.04.21"]
[Round "2"]
[White "Kostenko, Petr"]
[Black "Agmanov, Zhandos"]
[Result "1-0"]
[WhiteElo "2435"]
[BlackElo "2360"]
[Annotator "TA"]
[PlyCount "115"]
[EventDate "2018.??.??"]
[EventType "tourn"]
[EventCountry "KAZ"]
[SourceTitle "playchess.com"]
[Source "ChessBase"]
[SourceQuality "1"]

{[%evp 15,115,-24,-11,-67,-33,-59,-18,-14,-33,-17,-15,-34,-23,-17,-32,-97,-22,-22,-30,-52,-17,-62,-13,-27,-8,-32,-25,-43,-8,-11,1,0,14,0,15,30,18,7,19,0,23,26,26,20,36,36,57,20,20,26,29,0,15,14,33,34,39,6,5,4,8,0,0,0,0,0,15,15,18,19,84,84,84,84,84,91,111,111,111,111,141,141,141,141,141,141,141,141,141,111,12837,12838,12839,12839,12840,12841,12841,12842,12842,12843,12843,12840]} 1. c4 Nf6 2. Nc3 e5 3. Nf3 Nc6 4. e3 Bb4 5. Qc2 d6 6. a3 {A28: English Opening: Four Knights Variation} Bxc3 7. Qxc3 e4 8. Nd4 Ne5 $1 {LiveBook: 7 Games} 9. c5 $146 (9. d3 $11) ({Predecessor:} 9. b4 Nfg4 10. h3 Qh4 11. g3 Qh6 12. Be2 Nf6 13. Bb2 Bd7 {½-½ (35) Oleksienko,M (2615)-Harikrishna,P (2733) Germany 2018}) 9... O-O $1 $15 10. b4 dxc5 11. Qxc5 Re8 12. Bb2 b6 13. Qc3 Nd5 14. Qc2 Bb7 15. Nf5 ({White should play} 15. Qb3 $15) 15... Qg5 ({Black should try} 15... a5 $1 $17 16. b5 Qd7 17. Bxe5 Rxe5) 16. Bxe5 $1 $11 Rxe5 17. Ng3 Qe7 18. Be2 Nf6 19. O-O Rd8 20. Rac1 c5 21. Qb2 cxb4 22. axb4 Red5 23. Rfd1 Qd7 24. Qa2 Bc6 ({Much weaker is} 24... Rxd2 $6 25. Qxa7 Rxd1+ 26. Rxd1 $16) 25. Bc4 Rd6 26. Ra1 Ra8 27. Ne2 Bd5 (27... b5 $5 28. Bb3 $8 Bb7 $11) 28. Nd4 Bxc4 29. Qxc4 Rc8 30. Qa6 Nd5 31. Rdc1 Rxc1+ 32. Rxc1 {aiming for Rc8+.} h6 33. b5 Kh7 34. Qc8 Qxc8 (34... Nf4 {seems wilder.} 35. Qxd7 Rxd7 36. Rc2 Rd5 37. f3 exf3 38. Nxf3 Ne6) 35. Rxc8 {[%mdl 4096] Endgame KRN-KRN} Rd7 36. f3 exf3 37. gxf3 Nc7 38. Kf2 Ne6 39. Nxe6 fxe6 {KR-KR} 40. d4 Kg6 41. Ra8 Rd5 42. Rxa7 e5 (42... Rxb5 $11 43. h4 Rb4) 43. Rb7 $16 Rxb5 44. dxe5 Rxe5 45. Rxb6+ Kf7 46. h4 h5 47. e4 g6 48. Kg3 Rc5 49. Kf4 Ra5 50. Rb7+ Kf6 51. Rd7 Rb5 52. Rd5 Rb7 $2 {[%mdl 8192]} (52... Rb2 $16 53. e5+ Ke7) 53. Rd6+ $18 {White is clearly winning.} Kg7 {[#]} 54. Kg5 $1 Rb5+ {[#]} 55. Rd5 $1 {[%cal Rd5b5]} Rb7 56. f4 Re7 57. Re5 Ra7 58. Re6 {Precision: White = 50%, Black = 38%.} 1-0